00448 2200169 4500001002100000008004100021035002000062245005200082100002400134260002800158300002000186020002200206084001400228082000800242650001000250990001800260INLIS000000000000105 ind  a0010-0724000105 aKumcer Teenlit Bukan CupidcTim penulis Teenlit aTim penulis Teenlit aJakartabGramediac2012 a248 hlmc20 cm. a978-979-22-8028-9 a813 TIM K a813 aFiksi aP29/CP/24/105